|
|
|
|
| LEADER |
00970cam a2200229 7i4500 |
| 001 |
0000023481 |
| 005 |
20120904090000.0 |
| 020 |
|
|
|a 0313320764
|
| 020 |
|
|
|a 9780313320767
|
| 090 |
0 |
0 |
|a Z675.U5
|b H75 2004
|
| 245 |
1 |
0 |
|a Human resource management in today's academic library :
|b meeting challenges and creating opportunities
|c edited by Janice Simmons-Welburn and Beth McNeil.
|
| 260 |
|
|
|a Westport, Conn.:
|b Libraries Unlimited,
|c 2004.
|
| 300 |
|
|
|a xiv, 181 p.;
|c 24 cm.
|
| 490 |
0 |
|
|a Libraries Unlimited library management collection
|
| 650 |
0 |
0 |
|a Academic libraries --
|x Personnel management
|
| 650 |
0 |
0 |
|a Academic librarians --
|x Job descriptions
|
| 650 |
0 |
0 |
|a Library science --
|x Vocational guidance
|
| 700 |
1 |
|
|a Simmons-Welburn, Janice
|
| 700 |
1 |
|
|a McNeil, Beth
|
| 999 |
|
|
|a 0000031766
|b BOK
|c OPEN SHELF
|e 2nd Floor, Bestari Jaya
|
| 999 |
|
|
|a 0000031767
|b BOK
|c OPEN SHELF
|e 2nd Floor, Bestari Jaya
|
| 999 |
|
|
|a 0000031768
|b BOK
|c OPEN SHELF
|e 2nd Floor, Bestari Jaya
|